000 00576nam a2200229Ia 4500
003 0100
008 130303s9999 xx 000 0 und d
020 _a395908159
040 _cARRUPELIB
050 _aHB90.G731999
100 _aGregory, Paul R
245 _aComparative economic systems
250 _a6th
260 _aBoston
260 _bHoughton Mifflin Co.
260 _C1999
300 _axv
300 _b 502p. 25cm.
650 _bKierkegaard, S?ren, 1813-1855
700 _aPaul R. Gregory, Robert C. Stuart , Stuart, Robert C., 1938-
942 0 0 _02
999 _c13931
_d13931